[Event "Hochsauerland-ch U14"]
[Site "Foeckinghausen"]
[Date "2003.01.04"]
[Round "3"]
[White "Sivaratnarajah, Samatie"]
[Black "Hebenstreit, Jascha"]
[Result "0-1"]
[WhiteElo "1316"]
[BlackElo "1339"]
[PlyCount "188"]
[EventDate "2003.01.??"]
[EventType "swiss"]
[EventRounds "5"]
[EventCountry "GER"]
[SourceTitle "EXT 2005"]
[Source "ChessBase"]
[SourceDate "2004.11.15"]
[SourceVersion "1"]
[SourceVersionDate "2004.11.15"]
[SourceQuality "1"]

1. Nf3 d5 2. d4 Nc6 3. Nc3 Nf6 4. Bf4 Bg4 5. e3 e6 6. Bd3 Bb4 7. h3 Bh5 8. 0-0 0-0 9. Re1 Re8 10. a3 Bxc3 11. bxc3 h6 12. Ne5 Bxd1 13. Rexd1 Nxe5 14. Bxe5 Ne4 15. Bxe4 dxe4 16. Rab1 b6 17. c4 f6 18. Bf4 Qc8 19. c5 e5 20. Bg3 exd4 21. exd4 e3 22. c6 exf2+ 23. Bxf2 Re6 24. d5 Rd6 25. c4 a6 26. a4 Rb8 27. Bg3 Qd8 28. Bxd6 Qxd6 29. Rd4 Qc5 30. Rbd1 b5 31. axb5 axb5 32. cxb5 Rxb5 33. d6 cxd6 34. c7 Qxc7 35. Rxd6 Qc5+ 36. Kh2 Qc7 37. h4 Rb1 38. R1d4 Kf8 39. g3 Qc5 40. Rd8+ Ke7 41. R8d5 Qc3 42. Rd3 Qc2+ 43. Rd2 Qa4 44. R5d4 Qe8 45. Re2+ Kf7 46. Rxe8 Kxe8 47. Rg4 Rb2+ 48. Kh3 Kf7 49. h5 Rb8 50. Rd4 Rb7 51. g4 g6 52. Kh4 Rb5 53. Rd7+ Ke8 54. Rh7 g5+ 55. Kg3 f5 56. gxf5 Rxf5 57. Rh8+ Kf7 58. Rxh6 Kg7 59. Rg6+ Kh7 60. Kg4 Rf4+ 61. Kxg5 Rc4 62. h6 Rc5+ 63. Kf6 Rc6+ 64. Kg5 Rxg6+ 65. Kh5 Rxh6+ 66. Kg5 Ra6 67. Kf5 Kg7 68. Kg5 Ra5+ 69. Kf4 Kf6 70. Ke4 Ke6 71. Kf4 Rb5 72. Ke4 Rb4+ 73. Kd3 Kd5 74. Kc3 Rh4 75. Kb3 Kc5 76. Ka3 Kb5 77. Kb2 Rh3 78. Kc2 Kb4 79. Kd2 Kc4 80. Ke2 Kd4 81. Kf2 Ke4 82. Kg2 Ra3 83. Kh2 Kf4 84. Kg2 Rb3 85. Kh2 Kg4 86. Kg2 Rb2+ 87. Kf1 Kg3 88. Ke1 Kf3 89. Kd1 Ke3 90. Kc1 Rh2 91. Kb1 Kd3 92. Ka1 Kc3 93. Kb1 Rg2 94. Ka1 Kb3 0-1